| 000 | 00835nam a22002657a 4500 | ||
|---|---|---|---|
| 001 | BR2011007135 | ||
| 003 | BR-BrBNA | ||
| 005 | 20230928103808.0 | ||
| 007 | ta | ||
| 008 | 230509b bl.||||| |||| 00| 0 por d | ||
| 040 |
_aBR-BrBNA _bpor _cBiblioteca Nacional de Agricultura |
||
| 041 | _a(Por) | ||
| 072 |
_aD50 _b9921 |
||
| 090 | _ 9921 BR2011007135 | ||
| 100 | 1 | _aDantas, V.A. | |
| 245 | 1 |
_aManual de legislação vitivinícola e sobre álcool e produtos alcoólicos diversos. V.2 _bDisposições publicadas a partir do 2. semestre de 1938 até o fim de 1957 (com anotações); junta nacional do vinho |
|
| 260 | 3 |
_aLisboa, (Portugal): _c1971. |
|
| 300 | _a997 p. | ||
| 650 | _aLEGISLAÇÃO | ||
| 650 | _aDECRETO-LEI | ||
| 650 | _aPORTARIA | ||
| 650 | _aALCÓOL | ||
| 909 |
_a202309 _bLucia _c55 _dLucia Elande |
||
| 942 | _cBK | ||
| 999 |
_c76671 _d76671 |
||